000 00475nam a2200181Ia 4500
001 12297
005 20260306162931.0
008 260306t2023||||xx |||||||||||||| ||spa||
041 _aESP
082 _aHR 344
_bAGO 2023 AP
110 _aInstituto Pacífico
245 0 _aActualidad penal :
_bpenal - procesal penal - penitenciario - criminología
260 _c2023
300 _a316 páginas :
_c25 cm.
650 _aGEN
654 _aCDE
942 _cREV
_dJUS
_fJUS
_2ddc
_n
999 _c12297
_d12297